| 000 | 00828nam a2200229 i 4500 | ||
|---|---|---|---|
| 001 | 10333 | ||
| 003 | ES-MaACL | ||
| 005 | 20250815163539.0 | ||
| 007 | t| | ||
| 008 | 950508s1986 sp ||||1| spa d | ||
| 020 | _a84-86194-04-0 | ||
| 080 | _a133.4(46) | ||
| 080 | _a262.136.12(46) | ||
| 100 | 1 |
_aGil del Río, Alfredo. _956807 |
|
| 245 | 1 | 3 |
_aLa brujería en el banquillo : _bsus procesos célebres : Antonio de Medrano, Diego Alfonso de Medrano, Johanes "El brujo de Bargota", Endregoto "La cieguecita de Viana", las brujas de Zurragamurdi / _cAlfredo Gil del Río. |
| 260 |
_aMadrid : _bEl Burgo, _c[1986] |
||
| 300 |
_a255 p. : _bil. ; _c20 cm. |
||
| 650 | 4 |
_aBrujería- _zEspaña _910623 |
|
| 650 | 4 |
_aInquisición- _zEspaña- _vHistoria. _913799 |
|
| 852 | 4 |
_aES-MaACL _jL-17750 |
|
| 999 |
_c10333 _d10333 |
||